Más boletines informativos (Record no. 72471)
[ view plain ]
| 000 -CABECERA | |
|---|---|
| campo de control de longitud fija | 00572nam a2200217 a 4500 |
| 005 - FECHA Y HORA DE LA ÚLTIMA TRANSACCIÓN | |
| campo de control | 20210219153249.0 |
| 008 - ELEMENTOS DE LONGITUD FIJA--INFORMACIÓN GENERAL | |
| campo de control de longitud fija | 991125n 000 0 spa u |
| 035 ## - NÚMERO DE CONTROL DEL SISTEMA | |
| Número de control de sistema | UPN01000087127 |
| 110 2# - ASIENTO PRINCIPAL--NOMBRE CORPORATIVO | |
| Nombre de entidad corporativa o nombre de jurisdicción como elemento de entrada | Universidad Pedagógica Nacional (México) |
| 222 #0 - TÍTULO CLAVE | |
| Título clave | BOLETIN UPN UNIDAD AJUSCO |
| 245 00 - MENCIÓN DE TÍTULO | |
| Título | Más boletines informativos |
| 260 ## - PUBLICACIÓN, DISTRIBUCIÓN, ETC. | |
| Lugar de publicación, distribución, etc. | México |
| 300 ## - DESCRIPCIÓN FÍSICA | |
| Extensión | 8 |
| 362 0# - FECHAS DE PUBLICACIÓN Y/O DESIGNACIÓN SECUENCIAL | |
| Fecha de publicación y/o designación secuencial | 1980 Vol. 1, No. 24, ago. |
| 653 0# - TERMINO DE INDIZACION - NO CONTROLADO | |
| Término no controlado | PUBLICACIONES EDUCATIVAS |
| 653 0# - TERMINO DE INDIZACION - NO CONTROLADO | |
| Término no controlado | PUBLICACIONES PERIODICAS |
| 653 0# - TERMINO DE INDIZACION - NO CONTROLADO | |
| Término no controlado | SEAD |
| 653 0# - TERMINO DE INDIZACION - NO CONTROLADO | |
| Término no controlado | UPN |
| 904 ## - ELEMENTOS DE DATOS D LOCAL, LDD (RLIN) | |
| a | AC |
| b | 024938 |
| 905 ## - TIPO DE MATERIAL | |
| Tipo de material | Articulo |
No items available.
